000 00302nam a2200121Ia 4500
008 190216s9999||||xx |||||||||||||| ||und||
100 _aSamuel S M Wong
245 0 _aIntroductory Nuclear Physics
260 _bPrentice Hall Of India Pvt Ltd
_c2002
300 _a486p
650 _aPhysics
942 _cBK
999 _c34132
_d34132